Subjective Atlas of Palestine / editor: Annelys de Vet (Record no. 28961)
| 000 -LEADER | |
|---|---|
| fixed length control field | 01234nam a22002177a 4500 |
| 003 - CONTROL NUMBER IDENTIFIER | |
| control field | OSt |
| 005 - DATE AND TIME OF LATEST TRANSACTION | |
| control field | 20260428142445.0 |
| 008 - FIXED-LENGTH DATA ELEMENTS--GENERAL INFORMATION | |
| fixed length control field | 260428b ||||| |||| 00| 0 eng d |
| 020 ## - INTERNATIONAL STANDARD BOOK NUMBER | |
| International Standard Book Number | 9789463965354 |
| 040 ## - CATALOGING SOURCE | |
| Original cataloging agency | BSHUA |
| Language of cataloging | Shqip |
| 050 ## - LIBRARY OF CONGRESS CALL NUMBER | |
| Item number | 008(549)/Sub. |
| 082 ## - DEWEY DECIMAL CLASSIFICATION NUMBER | |
| Item number | 008(549)/Sub. |
| 245 ## - TITLE STATEMENT | |
| Title | Subjective Atlas of Palestine / editor: Annelys de Vet |
| 260 ## - PUBLICATION, DISTRIBUTION, ETC. (IMPRINT) | |
| Place of publication, distribution, etc | Belgium: |
| Name of publisher, distributor, etc | Subjective Editions, |
| Date of publication, distribution, etc | 2019. |
| 300 ## - PHYSICAL DESCRIPTION | |
| Extent | 160 f.; |
| Dimensions | 22 cm. |
| 500 ## - GENERAL NOTE | |
| General note | CONTRIBUTORS: Sameh Abboushi, Majd Abdel Hamid, Senan Abdelqader, Mohammed Amous, Tayseer Barakat, Sami Bandak, Baha Boukhari, Mahmoud Darwish (poem), Reem Fadda, Shadi Habib Allah, Majdi Hadid, Shuruq Harb, Dima Hourani, Khaled Hourani Munther Jaber, Khaled Jarrar, Abed Al Jubeh, Hassan Khader (foreword), Yazan Khalili, Suleiman Mansour, Basel Al Maqousi, Sani P. Meo, Inas Moussa, Hafez Omar, Hosni Radwan, Awatef Rumiyah, Ahmad Saleem, Shareef Sarhan, Majed Shala, Sami Shana’ah, Maissoon Sharkawi, Mamoun Shrietch, Lena Sobeh, Mohanad Yaqubi, Inass Yassin |
| 653 ## - INDEX TERM--UNCONTROLLED | |
| Uncontrolled term | Qyteterimi - Palestina - Palestinezet - Kultura - Peisazhi - Arkitektura - Kuzhina - Muzika - Poezia - |
| -- | Vizatimet - Hartat - Fotografite |
| 856 ## - ELECTRONIC LOCATION AND ACCESS | |
| Link text | Fulltext |
| 942 ## - ADDED ENTRY ELEMENTS (KOHA) | |
| Source of classification or shelving scheme | |
| Koha item type | Books |
| 953 ## - Fulltext | |
| Is Fulltext Available | Unavailable |
| Withdrawn status | Lost status | Source of classification or shelving scheme | Damaged status | Not for loan | Permanent Location | Current Location | Date acquired | Cost, normal purchase price | Full call number | Barcode | Date last seen | Price effective from | Koha item type |
|---|---|---|---|---|---|---|---|---|---|---|---|---|---|
| Biblioteka e Universitetit te Arteve - Fondi i Mbyllur | Biblioteka e Universitetit te Arteve - Fondi i Mbyllur | 2026-04-28 | 5000.00 | 008(549)/Sub. | 68709 | 2026-04-28 | 2026-04-28 | Books |